00625nam a22001932 4500001001100000005001700011008004100028020001700069040001500086100003300101245007700134250001300211260005100224300001600275650004100291650004600332650005000378852000300428000002359520151217154503.0130311s xx 000 0 eng d a0070166974 : aKABUcKABU1 aNavidi, William.@000018309610aPrinciples of statistics for engineers and scientists /cWilliam Navidi. a1st ed. aBoston :bMcGraw-Hill Higher Education,c2010. aix, 582 p. 0aMathematical statistics.@0000148196 0aSciencexStatistical methods.@0000180727 0aEngineeringxStatistical methods.@00001547821